Capitales avec la lettre O comme deuxième lettre - Statistiques

Statistiques générales
  • Ce quiz a été pris 1 613 fois
  • Le résultat moyen est 17 sur 28
Statistiques - réponses
Capitale % Correct
Moscou
83%
Bogota
79%
Londres
78%
Rome
77%
Tokyo
77%
Monaco
75%
Lome
71%
Port-au-Prince
67%
Montevideo
65%
Podgorica
65%
Port Moresby
65%
Mogadiscio
64%
Porto-Novo
64%
Dodoma
62%
Doha
62%
Copenhague
61%
Port Louis
60%
Port-d'Espagne
59%
Monrovia
58%
Moroni
57%
Koweit
55%
Port-Vila
55%
Sofia
53%
Conakry
46%
Nouakchott
44%
Douchanbé
42%
Roseau
41%
Honiara
39%
Aucun quiz correspondant
Distribution des résultats
% des personnes avec chaque résultat
Percentile par nombre de réponses
Votre historique - résultats
Vous n’avez pas pris ce quiz